Cómo vivían los dinosaurios / (Registro nro. 12336)

Detalles MARC
000 -LIDER
fixed length control field 00968cam a2200325 i 4500
001 - NÚMERO DE CONTROL
Identificador de número de control 0000893
003 - IDENTIFICACDOR DE NÚMERO DE CONTROL
control field DO-SdBNP
005 - DATE AND TIME OF LATEST TRANSACTION
control field 20180215110353.0
007 - CAMPOS FIJOS DE DESCRIPCIÓN FÍSICA
fixed length control field 0000893
008 - ELEMENTOS DE LONGITUD FIJA
fixed length control field 100514s 1991 sp a | |||| 000 f spa
015 ## - NÚMERO DENTRO DE LA BIBLIOGRAFÍA NACIONAL
National bibliography number
017 ## - NÚMERO DE REGISTRO DE DERECHOS DE AUTOR
Copyright or legal deposit number
Assigning agency
020 ## - ISBN
International Standard Book Number 8401313430
035 ## - NÚMERO LOCAL
System control number
040 ## - FUENTE DE CATALOGACIÓN
Agencia que crea de manera original el registro BPMSU
Idioma de catalogación spa
Agencia que realiza la transcripción BPMSU
Convenciones de la despripción
080 ## - NÚMERO DE CLASIFICACIÓN DECIMAL UNIVERSAL
Universal Decimal Classification number
100 1# - ASIENTO PRINCIPAL -- NOMBRE PERSONAL
Nombre personal Parker, Steve
245 10 - MENCIÓN DE TITULO
Título Cómo vivían los dinosaurios /
Medio (Designación general de material)
Mención de responsabilidad Steve Parker ; ilustración Guiliano Fornani ; asesor editorial William Lindsay, British Museum ; traducción Javier Gómez Rea
260 ## - PUBLICACIÓN, DISTRIBUCIÓN, ETC. (PIE DE IMPRENTA)
Lugar de publicación, distribución, etc España :
Nombre del editor, distribuidor, etc. Plaza joven,
Fecha de publicación, distribución, etc 1991.
300 ## - DESCRIPCIÓN FÍSICA
Extensión 64 p.:
Otros detalles físicos il.
Dimensiones 29 cm.
490 1# - MENCIÓN DE SERIES
Mención de serie Ventana al mundo
700 12 - ASIENTO SECUNDARIO -- NOMBRE PERSONAL
Nombre personal Fornani, Guiliano
Mención de responsabilidad il.
700 12 - ASIENTO SECUNDARIO -- NOMBRE PERSONAL
Nombre personal Lindsay, William
Mención de responsabilidad ases.
700 12 - ASIENTO SECUNDARIO -- NOMBRE PERSONAL
Nombre personal Gómez Rea, Javier
Mención de responsabilidad trad.
710 ## - ASIENTO SECUNDARIO -- NOMBRE CORPORATIVO
Nombre corporativo o de jurisdicción British Museum (Natural History)
830 #0 - ASIENTO SECUNDARIO DE SERIE--TÍTULO UNIFORME
Título uniforme Ventana al mundo
942 ## - ADDED ENTRY ELEMENTS (KOHA)
Source of classification or shelving scheme Dewey Decimal Classification
Koha item type Libros
945 ## - INFORMACIÓN DE PROCESAMIENTO LOCAL
Información de procesamiento local Inventariado, 2018 / BT
956 ## - LOCAL ELECTRONIC LOCATION AND ACCESS (OCLC)
Nombre de host YLOCKWARD
Campo enlazado y núm. de secuencia 10
Información de compresión BPMSU
Existencias
Withdrawn status Lost status Source of classification or shelving scheme Damaged status Not for loan Collection code Home library Current library Date acquired Source of acquisition Total Checkouts Barcode Date last seen Price effective from Koha item type
    Dewey Decimal Classification     Colección Juvenil General Biblioteca Pública Metropolitana Salomé Ureña Biblioteca Pública Metropolitana Salomé Ureña 12/07/2016 FUNDI   BPMSU16120186 12/07/2016 12/07/2016 Libros